Concepts and Supreme Court Rulings on Contract Labour (Regulation & Abolition) Act, 1970 (Record no. 9582)

MARC details
000 -LEADER
fixed length control field 00495nam a22001817a 4500
005 - DATE AND TIME OF LATEST TRANSACTION
control field 20260402114325.0
008 - FIXED-LENGTH DATA ELEMENTS--GENERAL INFORMATION
fixed length control field 260402b |||||||| |||| 00| 0 eng d
020 ## - INTERNATIONAL STANDARD BOOK NUMBER
International Standard Book Number 9789382705727
041 ## - LANGUAGE CODE
Language English
082 ## - DEWEY DECIMAL CLASSIFICATION NUMBER
Classification number 344.01 DEY
100 ## - MAIN ENTRY--PERSONAL NAME
Main Author Name Dey, Deepanjan
245 ## - TITLE STATEMENT
Title Concepts and Supreme Court Rulings on Contract Labour (Regulation & Abolition) Act, 1970
250 ## - EDITION STATEMENT
Edition 1st
260 ## - PUBLICATION, DISTRIBUTION, ETC.
Place of publication Hyderabad
publisher Name Asia Law House,
Date of publication 2013
300 ## - PHYSICAL DESCRIPTION
Number Of Page 222 p
650 ## - SUBJECT ADDED ENTRY--TOPICAL TERM
Keyword Contract Labour
942 ## - ADDED ENTRY ELEMENTS (KOHA)
Koha item type Donated Book
Holdings
Lost status Source of classification or shelving scheme Not for loan Home library Current library Date last seen Koha item type School Total Checkouts Full call number Barcode Copy number Price effective from Withdrawn status Date acquired Source of acquisition Cost, normal purchase price
  Dewey Decimal Classification   BSOL BSOL 02/04/2026 Donated Book School of Law   344.01 DEY G730 1 02/04/2026   02/04/2026 prithivi Raj 295.00

Maintained and Designed by
2cqr automation private limited, Chennai. All Rights Reserved.

You are Visitor Number

PHP Hits Count